Communication skills for engineers / (Record no. 25540)
[ view plain ]
| 000 -LEADER | |
|---|---|
| fixed length control field | 00982cam a22003135a 4500 |
| 001 - CONTROL NUMBER | |
| control field | 11055480 |
| 005 - DATE AND TIME OF LATEST TRANSACTION | |
| control field | 20171104132836.0 |
| 008 - FIXED-LENGTH DATA ELEMENTS--GENERAL INFORMATION | |
| fixed length control field | 120910s2011 ii a frb 000 0 eng d |
| 020 ## - INTERNATIONAL STANDARD BOOK NUMBER | |
| Cancelled/invalid ISBN | 9788131733844 |
| 035 ## - SYSTEM CONTROL NUMBER | |
| System control number | (OCoLC)ocn809537541 |
| 035 ## - SYSTEM CONTROL NUMBER | |
| System control number | (OCoLC)809537541 |
| 035 ## - SYSTEM CONTROL NUMBER | |
| System control number | 11055480 |
| 040 ## - CATALOGING SOURCE | |
| Original cataloging agency | UMI |
| Language of cataloging | eng |
| Transcribing agency | UMI |
| Modifying agency | EG-ScBUE |
| 082 04 - DEWEY DECIMAL CLASSIFICATION NUMBER | |
| Classification number | 620.0014 |
| Item number | MIS |
| Edition number | 22 |
| 100 1# - MAIN ENTRY--PERSONAL NAME | |
| Personal name | Mishra, Sunita. |
| 245 10 - TITLE STATEMENT | |
| Title | Communication skills for engineers / |
| Statement of responsibility, etc | Sunita Mishra, C. Muralikrishna. |
| Medium | |
| 250 ## - EDITION STATEMENT | |
| Edition statement | 2nd ed. |
| 260 ## - PUBLICATION, DISTRIBUTION, ETC. (IMPRINT) | |
| Place of publication, distribution, etc | New Delhi : |
| Name of publisher, distributor, etc | Dorling Kindersley (India) : |
| -- | Pearson, |
| Date of publication, distribution, etc | c.2011. |
| 300 ## - PHYSICAL DESCRIPTION | |
| Extent | viii, 276 p. : |
| Other physical details | ill. ; |
| Dimensions | 24 cm. |
| 504 ## - BIBLIOGRAPHY, ETC. NOTE | |
| Bibliography, etc | Includes bibliographical references. |
| 650 #7 - SUBJECT ADDED ENTRY--TOPICAL TERM | |
| Topical term or geographic name as entry element | Communication in engineering. |
| Source of heading or term | BUEsh |
| 9 (RLIN) | 12260 |
| 650 #7 - SUBJECT ADDED ENTRY--TOPICAL TERM | |
| Topical term or geographic name as entry element | Business communication. |
| Source of heading or term | BUEsh |
| 651 ## - SUBJECT ADDED ENTRY--GEOGRAPHIC NAME | |
| Source of heading or term | BUEsh |
| 653 ## - INDEX TERM--UNCONTROLLED | |
| Resource For college | Engineering, Electrical |
| Arrived date list | November2017 |
| 655 ## - INDEX TERM--GENRE/FORM | |
| Form subdivision | Text book |
| -- | 33728 |
| 700 1# - ADDED ENTRY--PERSONAL NAME | |
| Personal name | Muralikrishna, C. |
| 856 4# - ELECTRONIC LOCATION AND ACCESS | |
| Uniform Resource Identifier | <a href="www.pearsoned.co.in/muralikrishna">www.pearsoned.co.in/muralikrishna</a> |
| 942 ## - ADDED ENTRY ELEMENTS (KOHA) | |
| Source of classification or shelving scheme | Dewey Decimal Classification |
| Withdrawn status | Item status | Source of classification or shelving scheme | Damaged status | Not for loan | Vendor | Home library | Current library | Shelving location | Date acquired | Source of acquisition | Cost, normal purchase price | Total Checkouts | Full call number | Barcode | Date last seen | Koha item type | Date last borrowed |
|---|---|---|---|---|---|---|---|---|---|---|---|---|---|---|---|---|---|
| Dewey Decimal Classification | Baccah | Central Library | Central Library | First floor | 04/11/2017 | Purchase | 350.00 | 620.0014 MIS | 000042391 | 15/07/2025 | NB - Book (Non borrowing) | ||||||
| Dewey Decimal Classification | Baccah | Central Library | Central Library | First floor | 04/11/2017 | Purchase | 1 | 620.0014 MIS | 000042392 | 15/07/2025 | Book - Borrowing | 03/11/2019 | |||||
| Dewey Decimal Classification | Baccah | Central Library | Central Library | First floor | 04/11/2017 | Purchase | 620.0014 MIS | 000042393 | 15/07/2025 | Book - Borrowing |